Alternative reading of the other in the Mahabharata: (Record no. 1435668)

MARC details
000 -LEADER
fixed length control field 00979 a2200265 4500
005 - DATE AND TIME OF LATEST TRANSACTION
control field 20251022124625.0
008 - FIXED-LENGTH DATA ELEMENTS--GENERAL INFORMATION
fixed length control field 251022b |||||||| |||| 00| 0 eng d
020 ## - INTERNATIONAL STANDARD BOOK NUMBER
International Standard Book Number 9781041115823 (hbk)
037 ## - SOURCE OF ACQUISITION
Terms of availability TB
040 ## - CATALOGING SOURCE
Original cataloging agency CRL
Transcribing agency CRL
041 ## - LANGUAGE CODE
Source of code eng
Language code of text/sound track or separate title eng
Language code of original san
084 ## - COLON CLASSIFICATION NUMBER
Classification number O15,1A2:g(Y15) 111R5
Assigning agency CRL
100 ## - MAIN ENTRY--PERSONAL NAME
Personal name Sinha, Seema
9 (RLIN) 821761
245 ## - TITLE STATEMENT
Title Alternative reading of the other in the Mahabharata:
Remainder of title celebrating the marginal
260 ## - PUBLICATION, DISTRIBUTION, ETC.
Place of publication, distribution, etc. London, UK;
-- New York, USA:
Name of publisher, distributor, etc. Routledge,
Date of publication, distribution, etc. 2025.
300 ## - PHYSICAL DESCRIPTION
Extent ix, 190p.
546 ## - LANGUAGE NOTE
Language note Translated from Sanskrit to English
650 ## - SUBJECT ADDED ENTRY--TOPICAL TERM
Topical term or geographic name entry element Literature
9 (RLIN) 849201
650 ## - SUBJECT ADDED ENTRY--TOPICAL TERM
Topical term or geographic name entry element Mahabharat
9 (RLIN) 849202
650 ## - SUBJECT ADDED ENTRY--TOPICAL TERM
Topical term or geographic name entry element Women
9 (RLIN) 849203
650 ## - SUBJECT ADDED ENTRY--TOPICAL TERM
Topical term or geographic name entry element Sociology
9 (RLIN) 849204
700 ## - ADDED ENTRY--PERSONAL NAME
Personal name Bhattacharya, Kumar Sankar
Relator term author.
9 (RLIN) 849205
942 ## - ADDED ENTRY ELEMENTS (KOHA)
Koha item type Textbook
Source of classification or shelving scheme Colon Classification (CC)
Suppress in OPAC No
Classification part O15,1A2:g(Y15) 111R5
Holdings
Withdrawn status Lost status Source of classification or shelving scheme Damaged status Not for loan Home library Current library Date acquired Source of acquisition Cost, normal purchase price Inventory number Total Checkouts Full call number Barcode Date last seen Cost, replacement price Price effective from Koha item type
    Colon Classification (CC)     Central Library Central Library 2025-10-16 64/ Shivam Book Service 1036.00 SBS/34 & 2025-10-07   O15,1A2:g(Y15) 111R5 CL1924083 2025-10-16 1295.00 2025-10-16 Textbook
Copyright @ Delhi University Library System